000 00513nam a2200181Ia 4500
008 090123s9999 xx 000 0 und d
082 _b1024
100 _aमाडगूळकर व्यंकटेश
245 _aसती
250 _a1
260 _bकुलकर्णी अ.अ.
300 _a56
600 _aमाडगूळकर व्यंकटेश
630 _aसती
700 _aमाडगूळकर व्यंकटेश
730 _aसती
942 _cBOOK
999 _c39109
_d39109